000 00349cam a2200145ua 4500
041 _aeng
_h
082 _a821
_bCAR/PO
100 _aCarew, Thomas .
245 _aPoems /
_cThomas carew.
_hTextual Documents
260 _aLondon :
_bOxford at the Clarendon Press ,
_c1964.
300 _a293 ; .
504 _a
942 _cBK
999 _c5162
_d5162